000 00541nam a22001937a 4500
005 20250402140811.0
010 _aENG-144460
020 _a9789395401074
_c1550.00
035 _aEN-127992
037 _bDBAD
082 _a599.935
100 _aVishwas, Shekhar
_980109
245 _aHuman Genetics/
_cShekhar Vishwas
250 _a1
260 _aNew Delhi
_bRajat Publications
_c2024
270 _a4740/23, Ansari Road, Daryagan
_bNew Delhi
_e110002
300 _a276p.
_c24cm(Hb)
942 _2ddc
_cEN
_mVIS
_h599.935
999 _c210654
_d210654